Simple History of England (Record no. 5215)
[ view plain ]
| 000 -LEADER | |
|---|---|
| fixed length control field | 00447cam a2200181ua 4500 |
| 008 - FIXED-LENGTH DATA ELEMENTS--GENERAL INFORMATION | |
| fixed length control field | 131114n ii |||gr||||Z||||||eng |
| 040 ## - CATALOGING SOURCE | |
| Transcribing agency | MAIN |
| 082 ## - DEWEY DECIMAL CLASSIFICATION NUMBER | |
| Classification number | 941 |
| 245 11 - TITLE STATEMENT | |
| Title | Simple History of England |
| Statement of responsibility, etc. | By K.L. Khurana |
| 250 ## - EDITION STATEMENT | |
| Edition statement | 1st.ed. |
| 260 ## - PUBLICATION, DISTRIBUTION, ETC. | |
| Place of publication, distribution, etc. | Agra: |
| Name of publisher, distributor, etc. | Educational Publishers, |
| Date of publication, distribution, etc. | 1989. |
| 300 ## - PHYSICAL DESCRIPTION | |
| Extent | x,419p. |
| 700 1# - ADDED ENTRY--PERSONAL NAME | |
| Personal name | Khurana,K.L., |
| Relator term | |
| 942 ## - ADDED ENTRY ELEMENTS (KOHA) | |
| Koha item type | Books |
| 653 ## - INDEX TERM--UNCONTROLLED | |
| Uncontrolled term | History |
| 653 ## - INDEX TERM--UNCONTROLLED | |
| Uncontrolled term | Simple History of England |
| Withdrawn status | Lost status | Damaged status | Not for loan | Home library | Current library | Shelving location | Date acquired | Total Checkouts | Full call number | Barcode | Date last seen | Copy number | Price effective from | Koha item type |
|---|---|---|---|---|---|---|---|---|---|---|---|---|---|---|
| Central Library, Naharkatiya College | Central Library, Naharkatiya College | General Stacks | 19/09/2020 | 941 | KHU | 4135 | 19/09/2020 | 1 | 19/09/2020 | Books |
